00568 2200205 4500001002100000005001500021035002000036007000300056008004100059020002200100082000800122084001400130100001600144245010900160250001100269260002800280300002800308650001700336990000900353INLIS00000000000136720180125021512 a0010-0118000185ta180125 d 0 ind  a978-602-7735-12-5 a813 a813 AND t0 aAndhika,dwi1 aTears Spring in Korea :bCinta tidak pernah memilih kapan dan kepada siapa ia akan datang /cDwi Andhika acet. 3 aJakarta :bZettu,c2012 a204 hlm ;c13 x 18,5 cm aNovel Dewasa a5782